000 00450nam a2200181Ia 4500
008 240510s9999 xx 000 0 und d
041 _aEng
082 _a519.253
082 _bT38
100 _aTHURSTONE, L.L.
245 4 _aThe measurement of values
260 _bChicago : Univ. of Chicago
260 _c1959
300 _a322 p.
650 _aSample surveys : statistics : Statistical data handling ps
942 _2ddc
942 _cLBK
999 _c23585
_d23585
945 _a1
_bMadushi Gamage
_c1
_dMadushi Gamage